000 00821 a2200217 4500
999 _c4728
_d4728
020 _a9781485127468
050 0 0 _aJ 5643 CHI 2018
100 1 _aChigwata, Tinashe Calton
_eauthor
245 1 0 _aProvincial and local government reform in Zimbabwe :
_ban analysis of the law, policy and practice /
_cTinashe Carlton Chigwata.
264 1 _aClaremont, Cape Town:
_bJuta,
_c2018.
300 _a498p.:
_bill.
500 _aIncludes bibliographical references and index.
504 _aIncludes bibliographical references and index.
650 0 _aLocal government
_xlaw and legislation
650 0 _aLocal government
650 0 _aDecentralization in government
_xlaw and legislation
650 0 _aDecentralization in government
650 0 _aProvincial governments
651 0 _aZimbabwe
942 _2lcc
_cBK
_h5643
_iCHI
_k2018